000 00370nam a2200145Ia 4500
005 20251222151317.0
008 251222s9999||||xx |||||||||||||| ||spa||
020 _a9788473603256
082 _a612.015/G26
100 _aGarrido Pertierra, Armando
245 0 _aFundamentos de Bioquímica Metabólica
250 _a3ra. ed.
264 _bEditorial Tebar
942 _cLIB
999 _c23577
_d23577